000
00332nam a2200145Ia 4500
003
OSt
005
20240321112230.0
008
170523s9999 xx 000 0 und d
020
_a
978-9332555167
040
_c
IIMTU MEERUT
100
_a
MARKAS
245
0
_a
DECISION SOPPORT SYSTEM
260
_b
TATA MC GRAW HILL
942
_2
ddc
_c
02
999
_c
1739
_d
1739